Billie Eilish - Tous les albums - Statistiques

Statistiques générales
  • Ce quiz a été pris 84 fois
  • Le résultat moyen est 5 sur 5
Statistiques - réponses
Hint Réponse % Correct
Albums Happier Than Ever
100%
Albums Hit Me Hard and Soft
99%
Albums Don't Smile at Me
96%
Albums When We All Fall Asleep, Where Do We Go?
95%
Albums Guitar Songs
80%
Aucun quiz correspondant
Distribution des résultats
% des personnes avec chaque résultat
Percentile par nombre de réponses
Votre historique - résultats
Vous n’avez pas pris ce quiz